<?xml version="1.0" encoding="UTF-8"?>
<record
    xmlns:xsi="http://www.w3.org/2001/XMLSchema-instance"
    xsi:schemaLocation="http://www.loc.gov/MARC21/slim http://www.loc.gov/standards/marcxml/schema/MARC21slim.xsd"
    xmlns="http://www.loc.gov/MARC21/slim">

  <leader>01554nam a2200205   4500</leader>
  <controlfield tag="005">20260210155510.0</controlfield>
  <controlfield tag="008">260130b        |||||||| |||| 00| 0 eng d</controlfield>
  <datafield tag="020" ind1=" " ind2=" ">
    <subfield code="a">9781782216551</subfield>
  </datafield>
  <datafield tag="041" ind1=" " ind2=" ">
    <subfield code="a">English</subfield>
  </datafield>
  <datafield tag="082" ind1=" " ind2=" ">
    <subfield code="a">746.44</subfield>
    <subfield code="b">POP</subfield>
  </datafield>
  <datafield tag="100" ind1=" " ind2=" ">
    <subfield code="a">Popova Tatiana</subfield>
    <subfield code="9">216552</subfield>
  </datafield>
  <datafield tag="245" ind1=" " ind2=" ">
    <subfield code="a">Seasons in Silk Ribbon Embroidery: 20 Beautiful Designs, Techniques and Inspiration</subfield>
  </datafield>
  <datafield tag="260" ind1=" " ind2=" ">
    <subfield code="b">Search Press</subfield>
    <subfield code="c">2019</subfield>
  </datafield>
  <datafield tag="300" ind1=" " ind2=" ">
    <subfield code="a">208</subfield>
  </datafield>
  <datafield tag="365" ind1=" " ind2=" ">
    <subfield code="b">1465.56</subfield>
    <subfield code="c">Rs.00</subfield>
  </datafield>
  <datafield tag="440" ind1=" " ind2=" ">
    <subfield code="a">The Textile Artist</subfield>
    <subfield code="9">216631</subfield>
  </datafield>
  <datafield tag="520" ind1=" " ind2=" ">
    <subfield code="a">INTRODUCTION    
GETTING STARTED    
STITCHES FOR SILK RIBBON       
&#x2022;	Straight stitch group       
&#x2022;	Ribbon stitch group       
&#x2022;	Daisy stitch group       
&#x2022;	Knots      
&#x2022;	Ribbon gathering       
Traditional ribbonwork       
Thread embroidery       
New techniques       
PROJECTS
&#x2022;	OWLETS       
&#x2022;	Spring Owlet       
&#x2022;	Summer Owlet       
&#x2022;	Autumn Owlet       
&#x2022;	Winter Owlet       
&#x2022;	SEASONAL FLOWERS       
&#x2022;	Lily of the Valley       
&#x2022;	Your Day       
&#x2022;	From Olga&#x2019;s Garden          
&#x2022;	Meadow Posy          
&#x2022;	Autumn Basket          
&#x2022;	Sunny Road          
&#x2022;	Christmas Rose          
&#x2022;	February Cup          
&#x2022;	SEASONAL GIFTS          
&#x2022;	Easter Wreath          
&#x2022;	Mother&#x2019;s Day          
&#x2022;	August Cup          
&#x2022;	Friendship Heart          
&#x2022;	Wedding Day          
&#x2022;	Housewarming Carp          
&#x2022;	Christmas Star          
&#x2022;	January Cup          
&#x2022;	DESIGNS TO TRANSFER      
&#x2022;	STITCH INDEX    


</subfield>
  </datafield>
  <datafield tag="650" ind1=" " ind2=" ">
    <subfield code="a">Embroidery</subfield>
  </datafield>
  <datafield tag="942" ind1=" " ind2=" ">
    <subfield code="c">BK</subfield>
  </datafield>
  <datafield tag="999" ind1=" " ind2=" ">
    <subfield code="c">370252</subfield>
    <subfield code="d">370252</subfield>
  </datafield>
  <datafield tag="952" ind1=" " ind2=" ">
    <subfield code="0">0</subfield>
    <subfield code="1">0</subfield>
    <subfield code="2">ddc</subfield>
    <subfield code="4">0</subfield>
    <subfield code="7">0</subfield>
    <subfield code="a">SOFT</subfield>
    <subfield code="b">SOFT</subfield>
    <subfield code="d">2026-01-28</subfield>
    <subfield code="e">Design Book Studio</subfield>
    <subfield code="g">1465.56</subfield>
    <subfield code="i">283</subfield>
    <subfield code="l">0</subfield>
    <subfield code="o">746.44 POP</subfield>
    <subfield code="p">SOFT-BK-4910</subfield>
    <subfield code="r">2026-01-30 10:00:31</subfield>
    <subfield code="t">33%</subfield>
    <subfield code="v">2187.40</subfield>
    <subfield code="w">2025-12-12</subfield>
    <subfield code="y">BK</subfield>
  </datafield>
</record>
